Education privatization: causes, consequences and planning implications

Saved in:
Bibliographic Details
Main Authors: Belfield, Clive R. (Author), Levin, Henry M. (Author)
Format: Book
Language:English
Published: Paríž : UNESCO, 2002
Tags: Add Tag
No Tags, Be the first to tag this record!

MARC

LEADER 00000nam a22000003a 4500
001 stu296439
005 20150617230308.0
008 140905s--------fr------------------eng-d
020 |a 92-803-1239-1 
040 |a STU  |b slo 
041 0 |a eng 
044 |a fr 
100 1 |a Belfield, Clive R.  |4 aut 
245 1 |a Education privatization: causes, consequences and planning implications 
260 |a Paríž :  |b UNESCO,  |c 2002 
300 |a 79 s 
700 1 |a Levin, Henry M.  |4 aut 
996 |c I*3V10414  |l I  |s A  |a 24  |w stu296439_0001